Statistiques concernant Culture Générale - Série 2328

Cliquez ici pour prendre le quiz!

Statistiques générales

  • Ce quiz a été pris 111 fois
  • Le résultat moyen est 5 sur 10

Statistiques - réponses

QuestionRéponse% Correct
A quel pays appartient la Laponie ?Finlande
89%
De quel pays d'Asie Achgabat est-elle la capitale ?Turkménistan
67%
Quel pays d'Afrique est devenu indépendant du Portugal le 5 juillet 1975 ?Cap Vert
60%
Ensemble du matériel génétique d'un organisme - 6 lettres commençant par " g "génome
53%
Dans quel département se trouve le sommet culminant à 1 783 mètres d'altitude, appelé "Puy Mary" ?Cantal
50%
Quelle est la capitale de ce pays devenu indépendant du Portugal ?Praia
43%
Dans quel département se trouve la commune d'Hauterives où le facteur Ferdinand Cheval a construit le "Palais idéal" de 1879 à 1912 ? voir photoDrôme
42%
Dans la mythologie grecque, comment se nomme la muse de la poésie lyrique ?Erato
33%
Ce mot de 3 lettres désigne : un exil - une ovation - un roulement de tambour - un ancien droit féodalban
18%
Balai plat, qui sert à nettoyer les parties d'un navire qui sont couvertes d'eau (aussi le nom d'un jeune animal)goret
1%

Distribution des résultats

Percentile par nombre de réponses

% des personnes avec chaque résultat

Votre développement - résultats

Vous n’avez pas pris ce quiz